000 00356nam a2200133Ia 4500
008 240624s9999 xx 000 0 und d
041 _aeng
082 _a658.4092 LIK
100 _aLIKER JEFFREY K
245 _aTOYOTA WAY TO LEAN LEADERSHIP ACHIEVING
260 _c2012
_aNew Delhi
_bMcGraw-Hill
300 _axxx, : 280 : p. : cm. ; 23
365 _cRS
_b27
999 _c21953
_d21953